000 00481nam a2200217Ia 4500
008 210210b1976 xxu||||| |||| 00| 0 eng d
082 _a591 AYYM
100 _aAYYAR (M Ekambaranatha).
245 _aManual of zoology V2 Ed 3
250 _a
260 _aMadras
_bS Viswanathan Pvt. Ltd.
_c1976
300 _avi,724
650 _azoology
650 _aV2
650 _aof
650 _aManual
650 _aEd
650 _a3
690 _aZoology
906 _aSG01500
999 _c112994
_d112994